| 000 | 00973nam a22002537a 4500 | ||
|---|---|---|---|
| 005 | 20240209113731.0 | ||
| 008 | 240209s1996 mx| |||br|||| 000 0 nai d | ||
| 020 | _a9682981093 | ||
| 040 |
_aMX-MxUPN _bspa |
||
| 041 | _aMazahua | ||
| 050 | 4 |
_aLB1578.339 M91 _bS29 1996 |
|
| 100 | 1 |
_929933 _aSánchez Gómez, Pablo |
|
| 245 | 1 | 0 |
_aIn xiskuama xoru jñatjo : _blengua mazahua, Estado de México y Michoacán : primer ciclo |
| 250 | _aSegunda edición | ||
| 260 |
_aMéxico, D.F. : _bSecretaría de Educación Pública, Dirección General de Educación Indígena, _c1996 |
||
| 300 | _a2 volúmenes | ||
| 500 | _aLa biblioteca tiene únicamente el volumen 1. | ||
| 650 | 4 |
_98083 _aCartilla mazahua |
|
| 650 | 4 |
_924187 _aIndígenas de México _xLenguas _zMichoacán |
|
| 650 | 4 |
_927009 _aIndígenas de México _xLenguas _zEstado de México |
|
| 650 | 4 |
_927490 _aMazahua _xEstudio y enseñanza (Elemental) |
|
| 902 | _aVíctorGodínez/090224 | ||
| 942 |
_2lcc _cLIBRO |
||
| 999 |
_c210938 _d210938 |
||